000 00466nam a2200157Ia 4500
005 20260601193248.0
008 260601s9999||||xx |||||||||||||| ||und||
020 _a978-981-97-2432-1
_qebk
100 _aXinyu Liu
245 0 _aMathematics in Programming
250 _a2024
260 _aHeidelberg, Germany
_bSpringer Nature
_c2024
650 _aComputer Science
856 _uhttps://link.springer.com/openurl?genre=book&isbn=978-981-97-2432-1
942 _cEB
_2ddc
999 _c56634
_d56634